000 00646cam a22002293a 4500
001 3046
003 PGUSA
005 20140828083025.0
008 020101s2002||||xxu|||||s|||||000 1 eng d
040 _aPGUSA
_beng
042 _adc
050 4 _aPS
100 1 _aHarben, Will N.
_q(Will Nathaniel),
_d1858-1919
245 1 4 _aThe Land of the Changing Sun
_h[electronic resource] /
_cWill N. Harben
260 _bProject Gutenberg,
_c2002
506 _aPublic domain in the USA.
516 _aElectronic text
653 _aScience fiction
830 0 _aProject Gutenberg
_v3046
856 4 0 _uhttp://www.gutenberg.org/ebooks/3046
942 _cEB
999 _c232375
_d232375